ნორმალური ფორმატი
MARC ფორმატი
ჩანაწერი Corporate Name
ჩანაწერთა რაოდენობა, რომელიც გამოყენებულია: 1
001 - CONTROL NUMBER
- control field: 7882
003 - CONTROL NUMBER IDENTIFIER
- control field: GE_BSU
005 - DATE AND TIME OF LATEST TRANSACTION
- control field: 20200409190602.0
008 - FIXED-LENGTH DATA ELEMENTS
- fixed length control field: 200409|| aca||aabn | a|a d
040 ## - CATALOGING SOURCE
- Original cataloging agency: GE_BSU
- Transcribing agency: GE_BSU
110 ## - HEADING--CORPORATE NAME
- Corporate name or jurisdiction name as entry element: ბრიუსელის თავისუფალი უნივერსიტეტის პოლიტიკურ მეცნიერებათა დეპარტამენტი
670 ## - SOURCE DATA FOUND
- Source citation: Work cat.: (GE_BSU)52697: ჯანაშვილი, ლელა 7879, საქართველოს ტერიტორიული მოწყობის პრობლემათა გადაწყვეტის გზები ბელგიისა და ესპანეთის ტერიტორიული მოწყობის შედარებით-სამართლებრივი ანალიზის ფონზე = The Ways of Solving Problems of Territorial Organization of Georgia Through the Comparative- Legal Analysis of Territorial Organization of Belgium and Spain /
